000 00953cam a22001814a 4500
005 20250605164343.0
008 250528s ||||||||||||||||||||||||d
035 _a23681
040 _aGR-AtMCL
_bgre
_dGR-AtMCL
_eAACR2
245 1 _aTherapists' Perspectives on Issue of Obesity/An Interpretative Phenomenological Analysis
260 _c2014
300 _a56
520 _aIntroduction, Literature Review, Obesity and Eating Disorders, Methodology, Research Question, Advantages of Qualitative Method, Choosing a Qualitative Methodology, Phenomenology as a Qualitative Approach, Interpretative Phenomenological Analysis (IPA), Review of IPA, Sample, Inclusion and Exclusion Criteria, Procedure, Recruitement Process, Participants, Data Collection, Data Analysis, Ethical Considerations, Results, Discussion, Conclusion, Reference, Appendices.
700 1 _aKaprousioutis Konstantinos
_99262
942 _cDS
999 _c8664
_d8664